[Event "JPN-ch"]
[Site "Tokyo"]
[Date "2022.08.21"]
[Round "4"]
[White "Aoki, Yasuhiro"]
[Black "Robertson, Phil"]
[Result "1/2-1/2"]
[WhiteElo "1713"]
[BlackElo "1727"]
[PlyCount "43"]
[EventDate "2022.08.20"]
[EventType "swiss"]
[EventRounds "6"]
[EventCountry "JPN"]
[SourceTitle "CBM 210 Extra"]
[Source "ChessBase"]
[SourceDate "2022.11.30"]
[SourceVersion "1"]
[SourceVersionDate "2022.11.30"]
[SourceQuality "1"]

1. c4 Nf6 2. Nf3 g6 3. g3 Bg7 4. Bg2 c6 5. Nc3 0-0 6. d4 d5 7. b3 Qa5 8. Bb2 Bg4 9. 0-0 Nbd7 10. Ne5 Nxe5 11. dxe5 Ne4 12. Nxe4 dxe4 13. Bxe4 Bxe5 14. Bxe5 Qxe5 15. Qc2 Rad8 16. Rad1 Bh3 17. Rfe1 Qc7 18. Bg2 Bxg2 19. Kxg2 Rxd1 20. Rxd1 Rd8 21. Rxd8+ Qxd8 22. e3 1/2-1/2